000 00590nam a2200217Ia 4500
003 OSt
005 20220926035626.0
006 a|||||r|||| 00| 0
007 ta
008 220923b |||||||| |||| 00| 0 eng d
037 _cGeneral Book
040 _aRTL
_cRTL
_beng
041 _2eng
_aeng
082 _aX:9-89M4, G8
100 _aWhitehead T. N.
_9342560
245 0 _aIndustrial worker
_b A statistical study of human r
260 _c1938
650 _aLabour Economics
_921364
942 _hX:9-89M4, G8
_cGB
_2CC
999 _c662699
_d662699